• 首页
  • 本馆介绍
  • 公告通知
  • 最新文献
  • 馆藏检索
  • 电子资源
  • 读者导购
  • 参考咨询
  • 我的图书馆
  • 登录
  • 详细信息显示
  • 放入我的书架
  • 预约/预借图书
  • 作者相关作品
  • 分类相关作品
  • 丛书相关作品
  • 出版社相关作品

书目信息

  • 表格格式
  • 工作单格式
  • 卡片格式
题名:
生态农业中废弃物的处理与再生利用
    
 
作者: 卞有生
分册:  
出版信息: 北京   化学工业出版者  2000
页数: 324
开本: 20cm
丛书名:
单 册:
中图分类: X71
科图分类:
主题词: 农业废物 , 农业废物--废物处理 , 农业废物--废物综合利用
电子资源:
ISBN: 7-5025-2799-0
000 00629nam0 2200205 450
001 0741144344
005 20070817112544.34
010    @a7-5025-2799-0@d¥22.00
100    @a20070817d km y0chiy0120 ea
101 0  @achi
200 1  @a生态农业中废弃物的处理与再生利用@Asheng tai nong ye zhong fei qi wu de chu li yu zai sheng li yong@f卞有生@Fbian you sheng
210    @a北京@c化学工业出版者@d2000
215    @a324@d20cm
606 0  @a农业废物
606 0  @a农业废物@x废物处理
606 0  @a农业废物@x废物综合利用
690    @aX71@v3
701  0 @a卞有生@Abian you sheng
801  0 @aCN@bPFT@c20070817
905    @a213230@dX71@en1@f1
    
    生态农业中废弃物的处理与再生利用/卞有生.-北京:化学工业出版者,2000
    324;20cm
    
    
    ISBN 7-5025-2799-0:¥22.00
    
●
相关链接 在E读中查询图书 在五车中查询图书 在当当中查询图书 在豆瓣中查询图书


正题名:生态农业中废弃物的处理与再生利用     索取号:X71/n1         预约/预借

序号 登录号 条形码 馆藏地/架位号 状态 备注
1 6600821   266008214   密集书库-生命科学系/ [索取号:X71/n1] 在馆    
2 6600822   266008223   密集书库-生命科学系/ [索取号:X71/n1] 在馆    
唐山师范学院图书馆 欢迎您!
大连网信软件有限公司© 版权所有